Guía Telefónica : Palacio Provincial e Instituciones : 1957 / Diputación Provincial de Barcelona Palacio Provincial e Instituciones :
Descripción Física:
76 p. ; 22'5 cm
MARC
| LEADER | 00000nam a2200000Ia 4500 | ||
|---|---|---|---|
| 001 | 10990 | ||
| 008 | 160829s1957 xx 000 0 cat d | ||
| 080 | |a O-1-86 | ||
| 110 | 1 | |a Barcelona (Catalunya : Província). |b Diputació |9 52408 | |
| 245 | |a Guía Telefónica : |b Palacio Provincial e Instituciones : |b 1957 / Diputación Provincial de Barcelona | ||
| 260 | |a Barcelona : |b (Imp. Casa Caritat), |c 1957 | ||
| 300 | |a 76 p. ; |c 22'5 cm | ||
| 650 | |a Palau de la Generalitat de Catalunya |x Guies telefòniques |9 30569 | ||
| 901 | |a Arxiu | ||
| 942 | |n 1 | ||
| 952 | |0 0 |1 0 |4 0 |6 O186 |7 1 |9 45441 |a Arxiu |b Arxiu |d 2016-12-01 |l 0 |o O-1-86 |p 10990 |r 2016-12-01 00:00:00 |w 2016-12-01 |y ARXIU | ||
| 999 | |c 48606 |d 48606 | ||